Cómo ayudar al alumno universitario a tomar decisiones morales (Record no. 64381)

MARC details
000 -CABECERA
campo de control de longitud fija 00406nam a2200157 a 4500
005 - FECHA Y HORA DE LA ÚLTIMA TRANSACCIÓN
campo de control 20210219152938.0
008 - ELEMENTOS DE LONGITUD FIJA--INFORMACIÓN GENERAL
campo de control de longitud fija 991125n 000 0 spa u
035 ## - NÚMERO DE CONTROL DEL SISTEMA
Número de control de sistema UPN01000068159
100 ## - ASIENTO PRINCIPAL--NOMBRE PERSONAL
Nombre de persona Shelton, Charles M.
222 ## - TÍTULO CLAVE
Título clave DIDAC
245 ## - MENCIÓN DE TÍTULO
Título Cómo ayudar al alumno universitario a tomar decisiones morales
300 ## - DESCRIPCIÓN FÍSICA
Extensión 2-4
362 ## - FECHAS DE PUBLICACIÓN Y/O DESIGNACIÓN SECUENCIAL
Fecha de publicación y/o designación secuencial 1994 No. 23
904 ## - ELEMENTOS DE DATOS D LOCAL, LDD (RLIN)
a AC
b 005970
905 ## - TIPO DE MATERIAL
Tipo de material Articulo

No items available.